00000000nam 2200000zi 4500
0019.931033
003CaOODSP
00520241121105154
006m     o  d f      
007cr mn|||||||||
008231130t20242024onc     o    f000 0 eng d
020 |a9780660691367
040 |aCaOODSP|beng|erda|cCaOODSP
0861 |aM134-46/2023E-PDF
24500|aBioenergy policies.
264 1|a[Ottawa] : |bNatural Resources Canada = Ressources naturelles Canada, |c[2024]
264 4|c©2024
300 |a1 online resource (3 unnumbered pages)
336 |atext|btxt|2rdacontent
337 |acomputer|bc|2rdamedia
338 |aonline resource|bcr|2rdacarrier
500 |aIssued also in French under title: Politiques en matière de bioénergie.
650 0|aBiomass energy|xGovernment policy.
7101 |aCanada. |bNatural Resources Canada, |eissuing body.
77508|tPolitiques en matière de bioénergie.|w(CaOODSP)9.931034
85640|qPDF|s1.14 MB|uhttps://publications.gc.ca/collections/collection_2024/rncan-nrcan/M134-46-2023-eng.pdf